Socialism : (Record no. 72378)

MARC details
000 -LEADER
fixed length control field 00805nam a22002297a 4500
005 - DATE AND TIME OF LATEST TRANSACTION
control field 20121220145118.0
008 - FIXED-LENGTH DATA ELEMENTS--GENERAL INFORMATION
fixed length control field 121220t xxu||||| |||| 00| 0 eng d
010 ## - LCCN (DPL NO)
LC control number ENG-106528
020 ## - INTERNATIONAL STANDARD BOOK NUMBER
International Standard Book Number 9788121211840
Terms of availability 500.00
035 ## - SYSTEM CONTROL NUMBER
System control number EN-90061
037 ## - SOURCE OF ACQUISITION
Source of stock number/acquisition DBAD/PUB
040 ## - CATALOGING SOURCE
Original cataloging agency DPL
Language of cataloging Eng
082 ## - DEWEY DECIMAL CLASSIFICATION NUMBER
Classification number 335
100 1# - MAIN ENTRY--PERSONAL NAME
9 (RLIN) 54466
Personal name Morarka, Mahavirprasad R.
245 10 - TITLE STATEMENT
Title Socialism :
Statement of responsibility, etc by Mahavirprasad R. Morarka
Remainder of title a study /
260 ## - PUBLICATION, DISTRIBUTION, ETC. (IMPRINT)
Place of publication, distribution, etc New Delhi
Name of publisher, distributor, etc Gyan Publishing House
Date of publication, distribution, etc 2013
270 ## - ADDRESS
Address 23, Main Ansari Road, Daryaganj
City New Delhi
Postal code 110002
300 ## - PHYSICAL DESCRIPTION
Extent 266p.
Dimensions 22cm(Hb)
942 ## - ADDED ENTRY ELEMENTS (KOHA)
Source of classification or shelving scheme Dewey Decimal Classification
Item type English Books
Classification part 335
Call number suffix MOR
Holdings
Withdrawn status Lost status Source of classification or shelving scheme Damaged status Not for loan Collection code Home library Current library Date acquired Source of acquisition Cost, normal purchase price Total Checkouts Full call number Barcode Date last seen Copy number Cost, replacement price Koha item type
    Dewey Decimal Classification   Not For Loan Non-fiction D.B.Act.Division D.B.Act.Division 20/12/2012 DBAD/PUB 500.00   335 MOR EN-90061 20/12/2012 1 500.00 English Books

© Delhi Public Library
Hit Counter
free hit counter